Responses for Show #5061 - Monday, September 18, 2006

Sara Terrell game 1.

Contestants

[<< previous game]

Sean Carson, a teacher from Greenville, Florida

Sara Terrell, a veterinary technician from Collinsville, Connecticut

Lou Bayard, a writer from Washington, D.C. (whose 1-day cash winnings total $17,800)

[next game >>]

Jeopardy! Round responses

RONALD REAGAN
(Alex: Former president.)
PUNCH LINES
THE KING JAMES BIBLE TELLS ME SO
OFFICIAL STATE STUFF
"OVER" & "UNDER"
MORTAL MATTERS
    $200 24
Nancy Reagan

Lou
    $200 14
Muhammad Ali

Sara
    $200 1
Job

Sean
    $200 6
Alaska

Sean
    $200 8
a turnover

Lou
    $200 9
Persia

Sean
    $400 27
the Republican Party

Sean
    $400 15
Jack Dempsey

Lou
    $400 2
physician

Sara
    $400 7
state poem

Lou
    $400 21
a blunder

Triple Stumper
    $400 10
(Lou: What is mayor?)

prime minister

LouSara
    $600 28
Barry Goldwater

Lou
    $600 16
Howard Cosell

Sara
    $600 3
Cain

Sean
    $600 18
"My Old Kentucky Home"

Sara
    $600 22
overruled

Sara
    $600 11
Rembrandt

Lou
    $800 29
Alzheimer's disease

Sean
    $800 17
Joe Louis

Sean
    $800 4
John the Baptist

Sean
    $800 19
Texas

Sean
    $800 23
laundering

Sean
    $800 12
Rasputin

Sean
    $1000 30
Anthony Kennedy & Antonin Scalia

Triple Stumper
    $1000 26
James J. Braddock

Lou
    $1,600 5
(Doubting) Thomas

Sean
    $1000 20
Tennessee

Sean
    $1000 25
a covered wagon

Lou
    $1000 13
Anna Pavlova

Sara

Scores at the first commercial break (after clue 15):

Lou Sara Sean
$1,200 $2,000 $4,400

Scores at the end of the Jeopardy! Round:

Lou Sara Sean
$4,000 $3,800 $9,000

Double Jeopardy! Round responses

JONATHAN SWIFT
SINGERS ON FILM
TREES
HEY, 4 As!
(Alex: Each correct response will have 4 of the letter "A" in it.)
I'M HUNGARIAN
LET'S EAT
    $400 9
Stella

Sean
    $400 1
Eminem

Sara
    $400 6
hickory

Sean
    $400 13
a catamaran

Sean
    $400 19
Zsa Zsa Gabor

Sean
    $400 27
risotto

Sean
    $800 12
(Lou: What is 6?)

4

LouSean
    $800 2
Bette Midler

Sara
    $800 7
a cedar

Sean
    $800 14
Casablanca

Sean
    $800 20
Bela Lugosi

Sean
    $800 28
mulligan stew

Triple Stumper
    $1200 18
Tory

Sean
    $1200 3
Courtney Love

Sara
    $1200 8
(Sean: What is the sequoia?)
(Alex: Be more specific.)
(Sean: What is the American sequoia?)

the giant sequoia

LouSean
    $1200 15
amalgamate

Sean
    $1200 21
Edward Teller

Triple Stumper
    $1200 29
skirt steak

Sara
    $1600 24
babies (or children)

Lou
    $1600 4
Jon Bon Jovi

Sara
    $3,600 10
(Sean: What is the cypress?)

the common (or red) mangrove

Sean
    $1600 16
baccalaureate

Lou
    $1600 22
Liszt

Lou
    $1600 30
Littleneck

Sean
    $2000 25
The Tatler

Lou
    $2000 5
David Bowie

Sean
    $2000 11
bodhi

Lou
    $2000 17
antidisestablishmentarianism

Lou
    $2000 23
George Soros

Triple Stumper
    $1,000 26
madeleines

Lou

Scores at the end of the Double Jeopardy! Round:

Lou Sara Sean
$16,200 $9,000 $15,400

[wagering suggestions for these scores]

Final Jeopardy! Round responses

CASTLES
(Alex: The mention of Aberdeenshire and Gaelic in the clue would, I would hope, lead you to the British Isles. You're thinking about royalty, so try to associate it with the Royal Family. Were you successful in doing that, Sara? Let's take a look. Which castle did you think of? "What is [*]?" The summer home of Queen Elizabeth. You're right.)
SaraWhat is Balmoral?
$8,999
SeanWhat is Clonmacnois?
$801
LouWhat is Inverness?
$14,601
Balmoral Castle

Final scores:

Lou Sara Sean
$1,599 $17,999 $14,599
3rd place: $1,000 New champion: $17,999 2nd place: $2,000

Game dynamics:

Coryat scores:

Lou Sara Sean
$17,200 $9,000 $18,400
16 R
(including 1 DD),
2 W
12 R,
0 W
26 R
(including 1 DD),
2 W
(including 1 DD)

Combined Coryat: $44,600

[game clues] [game scores] [suggest correction]

Game tape date: 2006-08-03
The J! Archive is created by fans, for fans. Scraping, republication, monetization, and malicious use prohibited; this site may use cookies and collect identifying information. See terms. The Jeopardy! game show and all elements thereof, including but not limited to copyright and trademark thereto, are the property of Jeopardy Productions, Inc. and are protected under law. This website is not affiliated with, sponsored by, or operated by Jeopardy Productions, Inc. Join the discussion at JBoard.tv.